| 000 | 03179nam a22002417a 4500 | ||
|---|---|---|---|
| 003 | UA-OsUOA | ||
| 005 | 20211013162318.0 | ||
| 008 | 211013b un ||||| |||| 00| 0 ukr d | ||
| 040 |
_aUA-OsUOA _bukr _cUA-OsUOA _dUA-OsUOA |
||
| 041 | _aukr | ||
| 080 | _a94(477.86):929 | ||
| 090 | _a94(477.86):929 | ||
| 095 |
_a07.00.01 _bісторія України |
||
| 100 | _aРоманів Т. Б. | ||
| 245 |
_aОстап Терлецький у суспільно-політичному житті Галичини останньої третини XIX століття _cРоманів Тамара Богданівна ; наук. керівник Сухий Олексій Миколайович |
||
| 260 |
_aЛьвів _c2021 |
||
| 300 | _a20 с. | ||
| 502 |
_6Автореферат дисертації на здобуття наукового ступеня кандидата історичних наук
_cЛьвівський національний університет імені Івана Франка _d2021 |
||
| 520 | _aУ дисертації, на основі вивчення опублікованих та архівних матеріалів (в тому числі зарубіжних), періодичної преси, спогадів, вітчизняної та зарубіжної історіографії висвітлено громадсько- політичну, видавничу, наукову та науково-публіцистичну і правничу діяльність Остапа Терлецького. Розглянуто процес формування світогляду О.Терлецького, який проходив у родинному середовищі, Станіславівській гімназії. Львівському та Віденському університетах. Висвітлено його суспільно - політичну діяльність у молодіжних громадівських організаціях Галичини, віденському товаристві «Січ», а також соціалістичних гуртках Відня і Львова. Показано діяльність О.Терлецького в Русько- Українській радикальній партії та вплив на нього М.Драгоманова, І.Франка, М.Павлика та ін. Висвітлено видавничу діяльність О.Терлецького та його зв’язки з наддніпрянцями. Проаналізовано наукові твори О.Терлецького теоретико- економічного змісту, соціальної проблематики, літературні та літературно-критичні праці. Окремо розглянуто публіцистику; здійснено аналіз його теоретико - правових творів та показано адвокатську діяльність. | ||
| 650 |
_2UDC _a94 Історія загалом |
||
| 942 |
_2udc _cAR |
||
| 955 | _a1 | ||
| 999 |
_c571620 _d571620 |
||